Ancient Egyptian kingship

Αποθηκεύτηκε σε:
Λεπτομέρειες βιβλιογραφικής εγγραφής
Άλλοι συγγραφείς: O'Connor, David (Επιμελητής έκδοσης), Silverman, David P. (Επιμελητής έκδοσης)
Μορφή: Βιβλίο
Γλώσσα:English
Δημοσίευση: Leiden ; New York : E.J. Brill, 1995
Σειρά:Probleme der Agyptologie ; ; 9
Θέματα:
Ετικέτες: Προσθήκη ετικέτας
Δεν υπάρχουν, Καταχωρήστε ετικέτα πρώτοι!

MARC

LEADER 00000cam a2200000 i 4500
001 1/55366
008 070919s1995 eng d
020 |a 90-04-10041-5 
035 |l 10090845 
040 |a GR-MY-UA  |b gre  |e aacr 
041 0 |a eng 
082 0 |a 932  |2 (22) 
245 1 0 |a Ancient Egyptian kingship /  |c edited by David O'Connor and David P. Silverman 
260 |a Leiden ; New York :   |b E.J. Brill,   |c 1995 
300 |a xxxiii, 347 σ.;  |c 25 εκ. 
490 1 |a Probleme der Agyptologie  |v ; 9 
504 |a Περιλαμβάνει βιβλιογραφίες και ευρετήριο 
650 0 0 |a Pharaohs. 
651 0 |a Egypt  |x Civilization  |y To 332 B.C. 
700 1 |a O'Connor, David,  |e edt 
700 1 |a Silverman, David P.  |e edt 
830 0 |a Probleme der Agyptologie ;  |v ; 9 
852 |a INST  |b RHODES  |e 20070919  |h 932 ANC  |p 005400025807  |q 005400025807  |t BK  |y 0 
901 |a BIBL4-2007-3 
909 |a Ρ  |b 138817 
922 |a 4ΕΛΗ  |b 200708  |c ΕΠΕΑΕΚ2/ΤΜΣ  |d ΠΑΠΑΣΩΤΗΡΙΟΥ 
970 |a ΜΙΣΣΟΣ  |b ΣΤΑΥΡΟΣ  |z 2007/09/19